| 000 | 01228nam a2200361 b 4500 | ||
|---|---|---|---|
| 001 | 0001987 | ||
| 003 | DO-SdBNP | ||
| 005 | 20220516112102.0 | ||
| 007 | 0001987 | ||
| 008 | 041123s2004 sp | ||| ||spa | ||
| 016 | 7 |
_a _2BPMSU |
|
| 017 |
_a _b |
||
| 020 | _a8449428246 | ||
| 035 | _a | ||
| 040 |
_aBPMSU _bspa _cBPMSU _e |
||
| 080 | 0 | _a | |
| 082 | 4 |
_a573.2 _bE21h 2004 _2 22 |
|
| 245 | 0 | 6 |
_aDe la edad del hielo a la civilización : _bel origen de la humanidad / _cdirección de contenidos José A. Vidal ; colaboradores, Jesús Emilio González Urquijo ... et al.] _h |
| 260 |
_aBarcelona : _bOcéano, _c2004 |
||
| 300 |
_a396 p. : _bil. col., gráf., mapas _c32 cm. |
||
| 505 | 0 |
_tCazadores de la edad del hielo -- _tDe cazadores a campesinos -- _tLa Edad de Bronce -- _tLos grandes imperios de Mesopotamia. |
|
| 590 | _6Inventariado, 2022 | ||
| 650 | 4 |
_aEvolución humana _2 |
|
| 650 | 4 | _aOrigen del hombre | |
| 650 | 4 | _aGenética | |
| 650 | 4 | _aHombres prehistóricos | |
| 700 | 1 |
_aSolar, David _d1943- |
|
| 700 | 1 |
_aVillalba, Javier _qVillalba López |
|
| 700 | 1 | _aGonzález Urquijo, Jesús Emilio | |
| 740 | _aEl origen de la humanidad. | ||
| 910 | _aVMateo V. | ||
| 942 |
_2ddc _cBK |
||
| 999 |
_c10455 _d10455 |
||